[Event "47th Biel Master Open"]
[Site "Biel SUI"]
[Date "2014.07.14"]
[Round "1.1"]
[White "Erdos, Viktor"]
[Black "Meier, Volker"]
[Result "1-0"]
[WhiteTitle "GM"]
[BlackTitle "FM"]
[WhiteElo "2648"]
[BlackElo "2255"]
[WhiteFideId "719978"]
[BlackFideId "4605802"]
[EventDate "2014.07.14"]

1. Nf3 c5 2. c4 Nc6 3. Nc3 e6 4. g3 g6 5. d4 cxd4 6. Nxd4 a6 7. Nxc6 bxc6 8. Bg2
Bg7 9. O-O Ne7 10. e4 Qc7 11. Bf4 e5 12. Be3 d6 13. c5 dxc5 14. Bxc5 O-O 15. Qa4
Re8 16. Nd5 Nxd5 17. exd5 Bd7 18. dxc6 Bf5 19. Rfd1 e4 20. Rac1 Bxb2 21. Rb1 Bg7
22. Bd6 Qc8 23. c7 Qe6 24. Rb8 Bf6 25. Bf4 g5 26. Rxa8 Rxa8 27. Rd6 Qe7 28. Qc6
Rc8 29. Rxf6 gxf4 30. Rxf5 f3 31. Bf1 Rxc7 32. Qd5 Rd7 33. Qe5 Qxe5 34. Rxe5 Rd4
35. Ra5 Kg7 36. Rxa6 f5 37. a4 h5 38. Ra8 Rd1 39. a5 Ra1 40. a6 h4 41. Rb8 h3
42. Re8 Kf7 43. Rh8 Kg7 44. Rxh3 Ra2 45. Rh5 Kg6 46. Rh8 Ra1 47. h4 Kg7 48. Rc8
Kg6 49. Rc5 Kf6 50. h5 Kg5 51. h6 1-0

[Event "47th Biel Master Open"]
[Site "Biel SUI"]
[Date "2014.07.14"]
[Round "1.2"]
[White "Ludwig, Peter"]
[Black "Bartel, Mateusz"]
[Result "0-1"]
[BlackTitle "GM"]
[WhiteElo "2249"]
[BlackElo "2644"]
[WhiteFideId "4651359"]
[BlackFideId "1112635"]
[EventDate "2014.07.14"]

1. Nf3 Nf6 2. c4 e6 3. g3 a6 4. Bg2 b5 5. b3 Bb7 6. Bb2 c5 7. O-O Qb6 8. Nc3 Nc6
9. e3 Be7 10. Qe2 b4 11. Na4 Qc7 12. d4 d6 13. Rad1 O-O 14. dxc5 dxc5 15. Rd3
Rad8 16. Rfd1 h6 17. Rxd8 Rxd8 18. Rxd8+ Nxd8 19. Ne5 Bd6 20. Ng4 Nd7 21. f4 e5
22. f5 Bc8 23. Bd5 h5 24. Nf2 Nf6 25. e4 Bd7 26. Bc1 Nxd5 27. cxd5 c4 28. Bg5 f6
29. Be3 Bxa4 30. bxa4 Nf7 31. Qxh5 Bc5 32. Qe2 Nd6 33. Kg2 Bd4 34. Kf3 Qa5 35.
Qc2 Bxe3 36. Kxe3 Qb6+ 37. Kf3 b3 38. Qb1 Qb4 39. Nd1 Nxe4 40. Qxe4 bxa2 41. d6
a1=Q 42. Qd5+ Kh7 43. d7 Qb3+ 0-1

[Event "47th Biel Master Open"]
[Site "Biel SUI"]
[Date "2014.07.14"]
[Round "1.3"]
[White "Solak, Dragan"]
[Black "Grandadam, Patrik"]
[Result "1-0"]
[WhiteTitle "GM"]
[WhiteElo "2639"]
[BlackElo "2243"]
[WhiteFideId "916811"]
[BlackFideId "682438"]
[EventDate "2014.07.14"]

1. e4 c5 2. Nc3 a6 3. a4 e6 4. g3 Nc6 5. Bg2 g6 6. d3 Bg7 7. Be3 Nd4 8. f4 Ne7
9. Nf3 Nec6 10. e5 d6 11. exd6 f5 12. O-O Qxd6 13. Nd2 O-O 14. Nc4 Qd8 15. a5
Rb8 16. Na4 Nxa5 17. Nxa5 Qxa5 18. c3 Nc6 19. Bxc5 Re8 20. Bb6 Qb5 21. Bc7 Ra8
22. d4 Bd7 23. Nb6 Rac8 24. Nxc8 Rxc8 25. Be5 Bf8 26. Qd2 Na5 27. Rab1 Nc4 28.
Qe2 Bc6 29. Rfe1 Bxg2 30. Qxg2 Rc6 31. Re2 a5 32. Rbe1 a4 33. h3 a3 34. bxa3
Nxa3 35. d5 Qxd5 36. Qxd5 exd5 37. Rd2 Nb5 38. Rxd5 Nxc3 39. Rd8 Ne4 40. Rb1 b6
41. Ra1 Kf7 42. Ra7+ Be7 43. g4 h6 44. Rh8 1-0

[Event "47th Biel Master Open"]
[Site "Biel SUI"]
[Date "2014.07.14"]
[Round "1.4"]
[White "Hasenohr, Benedict"]
[Black "Shankland, Samuel L"]
[Result "0-1"]
[BlackTitle "GM"]
[WhiteElo "2232"]
[BlackElo "2632"]
[WhiteFideId "1303309"]
[BlackFideId "2004887"]
[EventDate "2014.07.14"]

1. d4 Nf6 2. c4 e6 3. Nc3 Bb4 4. Qc2 O-O 5. e4 d6 6. a3 Bxc3+ 7. bxc3 Nbd7 8.
Bd3 c5 9. Ne2 Qc7 10. a4 b6 11. O-O Ba6 12. f4 d5 13. Ng3 dxe4 14. Nxe4 Rac8 15.
Ba3 Rfd8 16. f5 Nxe4 17. fxe6 fxe6 18. Bxe4 Nf6 19. Bd3 cxd4 20. cxd4 Rxd4 21.
Bb2 Ng4 22. g3 Rxc4 23. Bxc4 Qc5+ 24. Rf2 Bxc4 25. h3 Nxf2 26. Qxf2 Qxf2+ 27.
Kxf2 Bb3 28. Ke3 Rc5 29. h4 e5 30. Ra3 Bd1 31. Rc3 Ra5 32. Ke4 Kf7 33. Rc1 Bb3
34. Bxe5 Rxa4+ 35. Bd4 Ke6 36. Rc6+ Kd7 37. Rc3 Be6 38. Ke5 h5 39. Rd3 Ke7 40.
Bb2 Ra5+ 41. Kf4 Rf5+ 42. Ke4 a5 43. Be5 Rf1 44. Ra3 Rb1 45. Bxg7 Kd6 46. Kd4
Rb4+ 47. Kc3 Rg4 48. Bf8+ Kc6 49. Kd2 Rg8 50. Be7 Kb5 51. Rd3 Bc4 52. Rd6 Rxg3
53. Rh6 Rd3+ 54. Kc2 Rd7 55. Rxh5+ Ka4 56. Bf6 b5 57. Bc3 b4 58. Bf6 Bb3+ 59.
Kc1 Rd1+ 60. Kb2 Rd2+ 61. Kc1 Rc2+ 62. Kb1 Rc8 63. Kb2 Rc2+ 64. Kb1 Rf2 65. Bd8
Ba2+ 66. Kc1 b3 0-1

[Event "47th Biel Master Open"]
[Site "Biel SUI"]
[Date "2014.07.14"]
[Round "1.5"]
[White "Rakhmanov, Aleksandr"]
[Black "Moeldner, Juergen"]
[Result "1-0"]
[WhiteTitle "GM"]
[WhiteElo "2626"]
[BlackElo "2229"]
[WhiteFideId "4173708"]
[BlackFideId "4613694"]
[EventDate "2014.07.14"]

1. c4 g6 2. Nc3 Bg7 3. g3 d6 4. Bg2 e5 5. e3 Nc6 6. Nge2 Nge7 7. d3 O-O 8. h3
Be6 9. Nd5 Qd7 10. b3 f5 11. Bb2 Rae8 12. Qd2 b6 13. Rd1 Nd8 14. Nxe7+ Qxe7 15.
O-O g5 16. f4 Nf7 17. Rde1 Bd7 18. Nc3 c6 19. d4 exd4 20. exd4 Qf6 21. Nd1 Qg6
22. Nf2 gxf4 23. gxf4 Rxe1 24. Rxe1 Re8 25. Rxe8+ Bxe8 26. Qe3 Kf8 27. Nd3 Nd8
28. c5 bxc5 29. dxc5 Bxb2 30. Nxb2 Bf7 31. Kf2 Qf6 32. Nd3 d5 33. Qe5 Qxe5 34.
Nxe5 Be8 35. b4 Ne6 36. Ke3 Ke7 37. Nf3 Kf6 38. Nd4 Nc7 39. Bf1 Bd7 40. a4 a6
41. Bd3 h5 42. h4 Kg6 43. Be2 Be8 44. Bd1 Kf6 45. a5 1-0

[Event "47th Biel Master Open"]
[Site "Biel SUI"]
[Date "2014.07.14"]
[Round "1.6"]
[White "Bozinovic, Bogdan"]
[Black "Ganguly, Surya Shekhar"]
[Result "0-1"]
[WhiteTitle "FM"]
[BlackTitle "GM"]
[WhiteElo "2226"]
[BlackElo "2619"]
[WhiteFideId "14502593"]
[BlackFideId "5002150"]
[EventDate "2014.07.14"]

1. d4 Nf6 2. c4 g6 3. Nc3 d5 4. Nf3 Bg7 5. Bg5 Ne4 6. cxd5 Nxg5 7. Nxg5 e6 8.
Qd2 h6 9. Nh3 exd5 10. Nf4 c6 11. e3 a5 12. Be2 Nd7 13. O-O O-O 14. Rac1 Re8 15.
a3 Bf8 16. Rfd1 Bd6 17. Nd3 Qe7 18. Na4 h5 19. g3 h4 20. Bf3 Kg7 21. Re1 Qg5 22.
Bg2 hxg3 23. hxg3 Rh8 24. Nf4 Qh6 25. e4 dxe4 26. d5 cxd5 27. Qxd5 Bxf4 28. gxf4
Nf6 29. Qg5 Qh2+ 30. Kf1 Bg4 31. f5 Rh5 0-1

[Event "47th Biel Master Open"]
[Site "Biel SUI"]
[Date "2014.07.14"]
[Round "1.7"]
[White "Swiercz, Dariusz"]
[Black "Schiendorfer, Florian"]
[Result "1-0"]
[WhiteTitle "GM"]
[WhiteElo "2617"]
[BlackElo "2192"]
[WhiteFideId "1126881"]
[BlackFideId "1312960"]
[EventDate "2014.07.14"]

1. d4 e6 2. c4 Nf6 3. Nf3 Bb4+ 4. Nbd2 O-O 5. a3 Be7 6. g3 d6 7. Bg2 Nbd7 8. O-O
e5 9. b4 Re8 10. Bb2 Bf8 11. e4 c6 12. Qb3 b6 13. d5 c5 14. Ne1 g6 15. Nd3 Bg7
16. f4 Ng4 17. Rae1 Qc7 18. h3 Nh6 19. Bc3 f6 20. Kh1 Nf7 21. b5 a5 22. Qb2 Nf8
23. Rf2 Ra7 24. Ref1 Qd8 25. Qa1 Rae7 26. Ne1 Nd7 27. Nef3 Rf8 28. Re1 Qe8 29.
Rff1 Nb8 30. Nh4 Nh6 31. f5 g5 32. Nhf3 Bd7 33. Nh2 Qd8 34. Qd1 Be8 35. Rg1 Kh8
36. Bf3 Rg8 37. Ndf1 Bf8 38. Bd2 Reg7 39. Ne3 Qe7 40. Qe2 Nf7 41. Nhg4 h6 42.
Nd1 Rh7 43. Ngf2 Nd8 44. h4 Nd7 45. hxg5 hxg5+ 46. Kg2 Rgg7 47. Nc3 Kg8 48. Na4
Nb7 49. Ng4 Rh8 50. Rh1 Rgh7 51. Qd1 Qg7 52. Qc1 Be7 53. Nb2 Bf7 54. Nd3 Be8 55.
Ndf2 Bf7 56. Nh3 Be8 57. Ref1 Bf7 58. Qe1 Be8 59. Rh2 Bf7 60. Rfh1 Be8 61. Qc1
Bf7 62. Be3 Be8 63. Qd2 Bf7 64. Kg1 Be8 65. Qg2 Nd8 66. Qe2 Nb7 67. Qd2 Nd8 68.
Kg2 Nb7 69. Qc3 Nd8 70. Qe1 Nb7 71. Qg1 Nd8 72. Qe1 Nb7 73. Qg1 Nd8 74. Bd2 Nb7
75. Nhf2 Rxh2+ 76. Rxh2 Rxh2+ 77. Qxh2 Qh7 78. Nh3 Bf7 79. Nxf6+ Bxf6 80. Nxg5
Qxh2+ 81. Kxh2 Bxg5 82. Bxg5 a4 83. Be7 Be8 84. g4 Kf7 85. Bh4 Na5 86. Be2 Nf6
87. g5 Nxe4 88. Bd3 Nd2 89. g6+ Kf8 90. Kg3 e4 91. Be2 Naxc4 92. Bg5 e3 93. Bh6+
Kg8 94. Kf4 Ne5 95. Kg5 Ne4+ 96. Kh4 Nf6 97. Kg5 Nxd5 98. f6 Nxf6 99. Kxf6 1-0

[Event "47th Biel Master Open"]
[Site "Biel SUI"]
[Date "2014.07.14"]
[Round "1.8"]
[White "Karrer, Damian"]
[Black "Adhiban, Baskaran"]
[Result "0-1"]
[BlackTitle "GM"]
[WhiteElo "2169"]
[BlackElo "2610"]
[WhiteFideId "1310542"]
[BlackFideId "5018471"]
[EventDate "2014.07.14"]

1. e4 c5 2. Nf3 d6 3. d4 cxd4 4. Qxd4 a6 5. c4 Nc6 6. Qe3 g6 7. h3 Bg7 8. Be2 f5
9. Nc3 fxe4 10. Nxe4 Nh6 11. g4 Nf7 12. O-O O-O 13. Rd1 Kh8 14. Rb1 Qc7 15. b3
Nfe5 16. Nfg5 h6 17. Nf3 b6 18. Bb2 Kh7 19. Nh4 g5 20. Nxg5+ hxg5 21. Qxg5 Rf6
22. f4 Bb7 23. Bd3+ Kg8 24. fxe5 Nxe5 25. Bxe5 Qc5+ 0-1

[Event "47th Biel Master Open"]
[Site "Biel SUI"]
[Date "2014.07.14"]
[Round "1.9"]
[White "Banusz, Tamas"]
[Black "Pomini, Aurelien"]
[Result "1/2-1/2"]
[WhiteTitle "GM"]
[WhiteElo "2595"]
[BlackElo "2165"]
[WhiteFideId "722413"]
[BlackFideId "1320831"]
[EventDate "2014.07.14"]

1. c4 e5 2. g3 Nf6 3. Bg2 d5 4. cxd5 Nxd5 5. Nc3 Nb6 6. e3 Nc6 7. Nge2 Bf5 8.
O-O Qd3 9. f4 e4 10. g4 Bxg4 11. Bxe4 Qd7 12. a3 Be7 13. Qc2 O-O-O 14. Ng3 g6
15. d4 Bh4 16. Bh1 Bxg3 17. hxg3 h5 18. Qf2 h4 19. gxh4 Bh3 20. Bg2 Qg4 21. Qf3
Rxh4 22. Qxg4+ Rxg4 23. Rf2 Rh8 24. Ne4 f5 25. Nd2 Nd5 26. Nf1 Nf6 27. Nh2 Rg3
28. Nf1 Rg4 29. Nh2 Rg3 30. Nf1 1/2-1/2

[Event "47th Biel Master Open"]
[Site "Biel SUI"]
[Date "2014.07.14"]
[Round "1.10"]
[White "Berset, Philippe"]
[Black "Bok, Benjamin"]
[Result "0-1"]
[BlackTitle "GM"]
[WhiteElo "2136"]
[BlackElo "2586"]
[WhiteFideId "1302175"]
[BlackFideId "1017063"]
[EventDate "2014.07.14"]

1. e4 c5 2. Nf3 e6 3. Nc3 Nc6 4. d4 cxd4 5. Nxd4 Qc7 6. g3 a6 7. Bg2 h5 8. O-O
h4 9. Re1 hxg3 10. hxg3 d6 11. Nxc6 bxc6 12. e5 d5 13. Na4 Ne7 14. c4 Nf5 15.
Bf4 Be7 16. Rc1 Qd8 17. Qc2 Bd7 18. Be3 Nxe3 19. Rxe3 Rb8 20. c5 Bg5 21. f4 Be7
22. Rb3 Rxb3 23. Qxb3 Qa5 24. a3 Qd2 25. Qc3 Qxc3 26. Rxc3 Kd8 27. Nb6 f6 28. b4
fxe5 29. fxe5 Rh5 30. Re3 Bg5 31. Re1 Bd2 32. Re2 Bc1 33. Bf3 Rg5 34. Kh2 Bxa3
35. Ra2 Bxb4 36. Rxa6 Bxc5 37. Ra8+ Kc7 38. Nxd7 Kxd7 39. Rg8 Bd4 40. Kh3 Bxe5
41. g4 Bf6 0-1

[Event "47th Biel Master Open"]
[Site "Biel SUI"]
[Date "2014.07.14"]
[Round "1.11"]
[White "Roiz, Michael"]
[Black "Arcuti, Davide"]
[Result "1-0"]
[WhiteTitle "GM"]
[WhiteElo "2572"]
[BlackElo "2126"]
[WhiteFideId "2804158"]
[BlackFideId "1323725"]
[EventDate "2014.07.14"]

1. d4 Nf6 2. c4 e6 3. Nf3 d5 4. g3 Bb4+ 5. Bd2 Be7 6. Bg2 c6 7. Qc2 O-O 8. O-O
Nbd7 9. Rd1 b6 10. b3 Bb7 11. Nc3 Rc8 12. e4 dxe4 13. Nxe4 c5 14. Nxf6+ Bxf6 15.
Ng5 Bxg5 16. Bxb7 Rb8 17. Be4 Bxd2 18. Rxd2 Qf6 19. Rad1 h6 20. Bc6 Rbd8 21.
Bxd7 Rxd7 22. dxc5 Rxd2 23. Qxd2 bxc5 24. Qa5 Qe7 25. Qb5 Rd8 26. Rxd8+ Qxd8 27.
Qxc5 Qd1+ 28. Kg2 Qe2 29. Qxa7 e5 30. Qe3 Qxa2 31. Qxe5 Qxb3 32. Qe8+ Kh7 33.
Qxf7 Qb6 34. Qd5 1-0

[Event "47th Biel Master Open"]
[Site "Biel SUI"]
[Date "2014.07.14"]
[Round "1.12"]
[White "Gaffagan, Steven"]
[Black "Kovacevic, Aleksandar"]
[Result "0-1"]
[BlackTitle "GM"]
[WhiteElo "2119"]
[BlackElo "2564"]
[WhiteFideId "2020017"]
[BlackFideId "903124"]
[EventDate "2014.07.14"]

1. d4 Nf6 2. c4 e6 3. Nc3 Bb4 4. e3 O-O 5. Bd3 d5 6. Ne2 c5 7. O-O cxd4 8. exd4
dxc4 9. Bxc4 Nbd7 10. Bg5 Be7 11. Bb3 Nb6 12. Re1 Bd7 13. Qd3 Bc6 14. Bc2 g6 15.
Bh6 Re8 16. Qh3 Nbd5 17. Rad1 Rc8 18. Bb3 Qd7 19. Nc1 Nxc3 20. bxc3 Bd5 21. Nd3
Rxc3 22. Bd2 Bxb3 23. Bxc3 Bxd1 24. Rxd1 Qa4 25. Re1 Qxa2 26. d5 Qxd5 27. Ne5
Rc8 28. Ba1 Rc2 29. Nf3 Ne4 30. Qh6 Bf6 31. Rxe4 Bxa1 0-1

[Event "47th Biel Master Open"]
[Site "Biel SUI"]
[Date "2014.07.14"]
[Round "1.13"]
[White "Hera, Imre Jr."]
[Black "Naef, Thomas"]
[Result "1-0"]
[WhiteTitle "GM"]
[WhiteElo "2561"]
[BlackElo "2117"]
[WhiteFideId "716855"]
[BlackFideId "1305425"]
[EventDate "2014.07.14"]

1. c4 g6 2. g3 Bg7 3. Bg2 e5 4. Nc3 Ne7 5. d3 O-O 6. e3 c6 7. e4 Na6 8. Nge2 Nc7
9. O-O d5 10. exd5 cxd5 11. Qb3 d4 12. Ne4 Kh8 13. Qa3 a5 14. Bd2 Nc6 15. f4 Bg4
16. Rae1 Ne6 17. Nd6 Qc7 18. Nb5 Qb6 19. fxe5 Bxe2 20. Rxe2 Nxe5 21. Nd6 1-0

[Event "47th Biel Master Open"]
[Site "Biel SUI"]
[Date "2014.07.14"]
[Round "1.14"]
[White "Zuelle, Bruno"]
[Black "Mikhalevski, Victor"]
[Result "0-1"]
[BlackTitle "GM"]
[WhiteElo "2114"]
[BlackElo "2539"]
[WhiteFideId "1306553"]
[BlackFideId "2801914"]
[EventDate "2014.07.14"]

1. Nf3 Nf6 2. c4 g6 3. g3 Bg7 4. Bg2 O-O 5. O-O d5 6. cxd5 Nxd5 7. d4 Nb6 8. Nc3
Nc6 9. e3 Re8 10. b3 e5 11. dxe5 Nxe5 12. Nxe5 Bxe5 13. Bb2 c6 14. Qc2 Qe7 15.
Rad1 h5 16. h4 Qc5 17. Rd2 Bf5 18. Qc1 a5 19. Rfd1 a4 20. Nxa4 Nxa4 21. bxa4
Qxc1 22. Rxc1 Rxa4 23. Bxe5 Rxe5 24. Rb2 Ra7 25. Rd1 Kf8 26. Rd8+ Re8 27. Rd4
Rc8 28. e4 Be6 29. a4 c5 30. Rd1 c4 31. Rc1 Rxa4 32. Rxb7 c3 33. Kf1 Ra2 34. Ke1
Bg4 35. Rb3 Re2+ 36. Kf1 Rd2 37. f3 c2 38. Ke1 Rxg2 39. fxg4 Rg1+ 40. Kd2 Rd8+
41. Kxc2 Rc8+ 0-1

[Event "47th Biel Master Open"]
[Site "Biel SUI"]
[Date "2014.07.14"]
[Round "1.15"]
[White "Cvitan, Ognjen"]
[Black "Bianco, Valerio"]
[Result "1-0"]
[WhiteTitle "GM"]
[WhiteElo "2535"]
[BlackElo "2108"]
[WhiteFideId "14500086"]
[BlackFideId "800600"]
[EventDate "2014.07.14"]

1. d4 Nf6 2. c4 e6 3. Nc3 d5 4. cxd5 exd5 5. Bg5 Be7 6. e3 O-O 7. Bd3 c6 8. Qc2
Nbd7 9. Nge2 Re8 10. O-O Nf8 11. f3 Nh5 12. Bxe7 Qxe7 13. e4 dxe4 14. fxe4 Bg4
15. e5 Rad8 16. Ne4 Ng6 17. Bc4 Rf8 18. Nd6 Bxe2 19. Qxe2 Nhf4 20. Qg4 h5 21.
Qf5 Rxd6 22. exd6 Qxd6 23. Rad1 b5 24. Bb3 h4 25. Rf2 Nd5 26. Bxd5 cxd5 27. Rc1
Ne7 28. Qf4 Qe6 29. Qxh4 Qe3 30. Qf4 1-0

[Event "47th Biel Master Open"]
[Site "Biel SUI"]
[Date "2014.07.14"]
[Round "1.16"]
[White "Pernutz, Hans-Gerhard"]
[Black "Sebenik, Matej"]
[Result "0-1"]
[BlackTitle "GM"]
[WhiteElo "2102"]
[BlackElo "2516"]
[WhiteFideId "4606620"]
[BlackFideId "14602296"]
[EventDate "2014.07.14"]

1. e4 c5 2. Nf3 d6 3. d4 cxd4 4. Nxd4 Nf6 5. Nc3 g6 6. g3 Nc6 7. Bg2 Nxd4 8.
Qxd4 Bg7 9. O-O O-O 10. Qd3 Be6 11. Nd5 Rc8 12. c3 Bxd5 13. exd5 Ng4 14. Qe2 Ne5
15. Rb1 Qa5 16. a3 Rfe8 17. f4 Nc4 18. Qf3 Qb6+ 19. Qf2 Qxf2+ 20. Kxf2 b5 21.
Rd1 Rc5 22. Be3 Nxe3 23. Kxe3 a5 24. Rd3 Rb8 25. Kd2 b4 26. axb4 axb4 27. Rc1
Rcb5 28. c4 Ra5 29. Rb3 Kf8 30. Bh3 Ke8 31. Kc2 Kd8 32. Kb1 Bf6 33. Bg4 Bd4 34.
h4 h5 35. Be2 f5 36. Kc2 Kc7 37. Rf1 Ra4 38. Re1 Bf6 39. Bd1 Ra1 40. Rbe3 Kb6
41. Kb3 Kc5 42. Bc2 Rxe1 43. Rxe1 Ra8 44. Bd3 Ra7 45. Bc2 Bd4 46. Re6 Bf6 47.
Re1 Kd4 48. Re2 Rc7 49. Rd2+ Ke3 50. Rd3+ Ke2 51. Bb1 Ra7 52. c5 dxc5 53. d6 Bd4
54. dxe7 Rxe7 55. Kc2 Re3 56. Rxe3+ Kxe3 57. Ba2 Kf3 58. Bf7 Kxg3 59. Bxg6 Kg4
60. b3 Bf6 61. Kd3 Bxh4 62. Kc4 Bf2 63. Kd5 h4 64. Ke5 Bd4+ 65. Ke6 Kxf4 66.
Bxf5 Kg3 67. Kd5 h3 68. Be4 h2 0-1

[Event "47th Biel Master Open"]
[Site "Biel SUI"]
[Date "2014.07.14"]
[Round "1.17"]
[White "Molner, Mackenzie"]
[Black "Liepins, Oliver"]
[Result "1-0"]
[WhiteTitle "GM"]
[WhiteElo "2504"]
[BlackElo "2097"]
[WhiteFideId "2021722"]
[BlackFideId "11601574"]
[EventDate "2014.07.14"]

1. d4 d5 2. c4 c6 3. Nf3 Nf6 4. Qc2 g6 5. Bf4 Bf5 6. Qb3 Qb6 7. e3 Nbd7 8. Nc3
Bg7 9. h3 h6 10. c5 Qxb3 11. axb3 a6 12. Be2 O-O 13. b4 Rfe8 14. O-O Rac8 15. g4
Be6 16. Nd2 Nh7 17. Nb3 Ng5 18. Kg2 Ra8 19. Na5 Ra7 20. Bc7 Raa8 21. Bh2 Ra7 22.
f4 Ne4 23. f5 Nxc3 24. fxe6 Nxe2 25. exf7+ Kf8 26. fxe8=Q+ Kxe8 27. Rad1 e5 28.
Rfe1 exd4 29. exd4 1-0

[Event "47th Biel Master Open"]
[Site "Biel SUI"]
[Date "2014.07.14"]
[Round "1.18"]
[White "Eidinger, Helmut"]
[Black "Antipov, Mikhail Al."]
[Result "0-1"]
[BlackTitle "GM"]
[WhiteElo "2085"]
[BlackElo "2502"]
[WhiteFideId "1303104"]
[BlackFideId "4107012"]
[EventDate "2014.07.14"]

1. e4 c5 2. Nf3 d6 3. d4 cxd4 4. Nxd4 Nf6 5. Nc3 a6 6. g3 Nc6 7. Bg2 Bd7 8. O-O
g6 9. h3 Bg7 10. Be3 Ne5 11. Qc1 O-O 12. Bh6 Qb6 13. Bxg7 Kxg7 14. Nce2 Rac8 15.
b3 Qc5 16. Qe3 b5 17. Rac1 Nc6 18. Rfd1 Nb4 19. c3 Nc6 20. c4 Nxd4 21. Nxd4 bxc4
22. Rxc4 Qa5 23. Rdc1 Rxc4 24. Rxc4 e5 25. Nf5+ Bxf5 26. exf5 Qxa2 27. fxg6 hxg6
28. Kh2 Rh8 29. Qb6 d5 30. Ra4 Qe2 31. Kg1 d4 32. Ra1 Ne4 33. Bxe4 Qxe4 34. Rxa6
Qf3 35. Qd6 Rxh3 0-1

[Event "47th Biel Master Open"]
[Site "Biel SUI"]
[Date "2014.07.14"]
[Round "1.19"]
[White "Donchenko, Alexander"]
[Black "Hachtmann, Christian"]
[Result "1-0"]
[WhiteTitle "IM"]
[WhiteElo "2499"]
[BlackElo "2081"]
[WhiteFideId "24603295"]
[BlackFideId "12928593"]
[EventDate "2014.07.14"]

1. c4 f5 2. g3 Nf6 3. Bg2 e6 4. d4 Bb4+ 5. Bd2 Bxd2+ 6. Nxd2 Nc6 7. d5 Ne5 8.
Ngf3 Nf7 9. Qc2 O-O 10. O-O Rb8 11. Rfe1 b5 12. Nd4 bxc4 13. dxe6 Nd6 14. Nxc4
Nfe4 15. Nxd6 cxd6 16. Nxf5 Rxf5 17. Bxe4 Rc5 18. Qd3 dxe6 19. Bxh7+ Kh8 20. b3
Rd5 21. Qb1 Rd2 22. Bd3 Bb7 23. Rd1 Rxd1+ 24. Qxd1 Qf6 25. Rc1 Rf8 26. Qf1 Qh6
27. Rc4 Kg8 28. Qc1 Rxf2 29. Kxf2 Qxh2+ 30. Ke1 Qxg3+ 31. Kd1 a5 32. Rc7 Qg1+
33. Kd2 Qb6 34. Qc3 e5 35. Qc4+ 1-0

[Event "47th Biel Master Open"]
[Site "Biel SUI"]
[Date "2014.07.14"]
[Round "1.20"]
[White "Astengo, Corrado"]
[Black "Pavlovic, Milos"]
[Result "1-0"]
[BlackTitle "GM"]
[WhiteElo "2078"]
[BlackElo "2487"]
[WhiteFideId "802905"]
[BlackFideId "900389"]
[EventDate "2014.07.14"]

1. e4 c5 2. Nf3 Nc6 3. d4 cxd4 4. Nxd4 e5 5. Nb5 d6 6. N1c3 a6 7. Na3 Be7 8. Be3
Nf6 9. Nc4 b5 10. Nb6 Rb8 11. Nxc8 Qxc8 12. Bd3 O-O 13. O-O Bd8 14. h3 h6 15.
Qf3 Nb4 16. Rac1 Qe6 17. Rfd1 Bb6 18. a3 Bxe3 19. Qxe3 Na2 20. Nxa2 Qxa2 21. b3
Rfc8 22. Ra1 Qb2 23. a4 Qc3 24. axb5 axb5 25. Qe2 Qc5 26. Ra5 d5 27. exd5 e4 28.
Bc4 e3 29. fxe3 Re8 30. Rd4 Ra8 31. Rxa8 Rxa8 32. Bxb5 Ra1+ 33. Kh2 Nxd5 34. Qd3
Qd6+ 35. g3 Qf6 36. Kg2 Rf1 37. Qe2 Rf5 38. Bc4 Nb4 39. Qd2 Nc6 40. Rf4 Ne5 41.
Rxf5 Qxf5 42. Qd8+ 1-0

[Event "47th Biel Master Open"]
[Site "Biel SUI"]
[Date "2014.07.15"]
[Round "2.1"]
[White "Antoli Royo, Joaquin Miguel"]
[Black "Erdos, Viktor"]
[Result "1/2-1/2"]
[WhiteTitle "IM"]
[BlackTitle "GM"]
[WhiteElo "2443"]
[BlackElo "2648"]
[WhiteFideId "2259532"]
[BlackFideId "719978"]
[EventDate "2014.07.14"]

1. d4 d5 2. Nf3 Nf6 3. c4 dxc4 4. e3 e6 5. Bxc4 c5 6. O-O Nc6 7. dxc5 Bxc5 8.
Qxd8+ Kxd8 9. a3 Bd6 10. Nc3 Ke7 11. b4 a6 12. Bb2 Rd8 13. Rfd1 Bd7 14. Bd3 Be8
15. h3 Rac8 16. Rac1 Ne5 17. Nd5+ Nxd5 18. Nxe5 Nxe3 19. fxe3 Rxc1 20. Rxc1 Bxe5
21. Bxe5 Rxd3 22. Rc7+ Rd7 23. Rxd7+ Kxd7 24. a4 f6 25. Bd4 a5 26. bxa5 Kd6 27.
h4 Bxa4 28. g3 e5 29. Bb6 Ke6 30. Kf2 Kf5 31. Bd8 g5 32. Be7 h6 33. Bf8 Kg6 34.
Be7 f5 35. hxg5 hxg5 1/2-1/2

[Event "47th Biel Master Open"]
[Site "Biel SUI"]
[Date "2014.07.15"]
[Round "2.2"]
[White "Bartel, Mateusz"]
[Black "Gallagher, Joseph G."]
[Result "1/2-1/2"]
[WhiteTitle "GM"]
[BlackTitle "GM"]
[WhiteElo "2644"]
[BlackElo "2484"]
[WhiteFideId "1112635"]
[BlackFideId "1303422"]
[EventDate "2014.07.14"]

1. e4 c5 2. Nc3 Nc6 3. Nf3 Nf6 4. Bb5 Qc7 5. O-O e6 6. Re1 d6 7. Nd5 exd5 8.
exd5+ Be7 9. dxc6 bxc6 10. Ba4 O-O 11. d4 Bg4 12. h3 Bxf3 13. Qxf3 d5 14. Bf4
Bd6 15. Bxd6 Qxd6 16. Qa3 Ne4 17. dxc5 Nxc5 18. Rad1 Rfe8 19. c3 g6 20. Bc2 a5
21. g3 Re7 22. c4 Rxe1+ 23. Rxe1 dxc4 24. Qc3 Nd3 25. Re4 Rb8 26. Rxc4 Nb4 27.
Qe3 Nxa2 28. Rd4 Qf6 29. Rd7 Nb4 30. Bb3 Nd5 31. Bxd5 cxd5 32. Rxd5 Rxb2 33.
Qe8+ Kg7 34. Qe5 a4 35. Qxf6+ Kxf6 36. Ra5 Rb4 37. Kg2 Ke6 38. g4 h6 39. Kg3 Rc4
40. h4 Kf6 41. f3 Rb4 42. g5+ Kg7 43. Ra8 hxg5 44. hxg5 Rc4 45. f4 Rc3+ 46. Kh4
Ra3 47. Kg4 Ra1 48. Kg3 a3 49. Kf2 a2 50. Kg2 f5 51. gxf6+ Kxf6 52. Ra5 Ke6 53.
Kh2 Kd6 54. Kg2 Kc6 55. Kh2 Kb6 56. Ra8 Kc5 57. Kg2 Kd4 58. Ra4+ Ke3 59. Ra3+
Kxf4 60. Ra8 g5 61. Rf8+ Ke4 1/2-1/2

[Event "47th Biel Master Open"]
[Site "Biel SUI"]
[Date "2014.07.15"]
[Round "2.3"]
[White "Benkovic, Petar"]
[Black "Solak, Dragan"]
[Result "1/2-1/2"]
[WhiteTitle "IM"]
[BlackTitle "GM"]
[WhiteElo "2434"]
[BlackElo "2639"]
[WhiteFideId "922641"]
[BlackFideId "916811"]
[EventDate "2014.07.14"]

1. d4 d5 2. c4 c6 3. Nf3 Nf6 4. cxd5 cxd5 5. Nc3 Nc6 6. Bf4 a6 7. Rc1 Bg4 8. Ne5
Nxe5 9. Bxe5 e6 10. Qb3 Bd6 11. Bxd6 Qxd6 12. e3 O-O 13. Bd3 b5 14. O-O Rac8 15.
h3 Bf5 16. Bxf5 exf5 17. a4 bxa4 18. Nxa4 Rb8 19. Qa3 Qxa3 20. bxa3 Rb3 21. Nc5
Rxa3 22. Ra1 Rxa1 23. Rxa1 Ra8 24. Rxa6 Rxa6 1/2-1/2